000 00599nam a2200181Ia 4500
008 151202s9999||||xx |||||||||||||| ||und||
082 _bPNVM-55052
100 _aदेशपांडे ाों.वि.
245 _aजी.ए.च्या कथा.
260 _b"मौज प्रकाशन ,मुंबई."
260 _c1990
300 _a162
600 _aदेशपांडे ाों.वि.
630 _aजी.ए.च्या कथा.
700 _aदेशपांडे ाों.वि.
730 _aजी.ए.च्या कथा.
942 _cBOOK
999 _c1321590
_d1321587